Arthur characters - Statistics

General Stats
  • This quiz has been taken 890 times
  • The average score is 8 of 20
Answer Stats
Hint Answer % Correct
Main character arthur read
100%
Main character's 4 yr old sister DW read
92%
Best friend (bunny) buster baxter
69%
Main character's youngest sister baby kate
61%
Very smart Alan "Brain" Powers
59%
Wealthy friend Muffy Crosswire
55%
Twin with blue Tommy Tibble
50%
Twin with red Timmy Tibble
49%
Was held back in 3rd grade Binky Barnes
45%
Loves sports (monkey) Francine Frensky
45%
Dora winifred's best friend (girl) Emily
39%
Main character's dad David Read
29%
Dora Winifred's best friend (boy bunny) James
28%
Francine's sister Catherine Frensky
24%
Main character's mom Jane Read
24%
Mary Alice's brother Chip crosswire
21%
Shy moose George Lundgren
20%
Traveled all around the world Sue ellen Armstrong
14%
Has nocturnal enurises Jenna Morgan
10%
Main character's pen pal Adil Akyuz
4%
No matching quizzes found
Score Distribution
Percent of People with Each Score
Percentile by Number Answered
Your Score History
You have not taken this quiz